|
|
|
|
| LEADER |
00000naa a2200000 a 4500 |
| 001 |
vtls011631195 |
| 003 |
SK-MaSNL |
| 005 |
20260302144138.0 |
| 008 |
170517 2014 xo 000 b cze |
| 015 |
|
|
|a SNBRA 2015
|2 svkbbbg
|
| 038 |
|
|
|a SVKBBBG
|
| 040 |
|
|
|a SVKBBBG
|b slo
|c SVKBBBG
|e AACR2
|
| 041 |
0 |
|
|a cze
|
| 044 |
|
|
|a xo
|c SK
|
| 072 |
|
7 |
|a 37
|x Výchova a vzdelávanie
|2 konspekt
|
| 072 |
|
7 |
|a 316.8
|x Manželstvo a rodina. Sexuálne vzťahy
|2 konspekt
|
| 080 |
|
|
|a 37
|2 2011
|
| 080 |
|
|
|a 316.356.2
|2 2011
|
| 080 |
|
|
|a 37.016:37.018.1
|2 2011
|
| 100 |
1 |
|
|a Kraus, Blahoslav,
|d 1943-
|4 aut
|9 109311
|
| 245 |
1 |
0 |
|a Problémy výchovy v současné rodině
|c Blahoslav Kraus
|
| 504 |
|
|
|a Bibliogr. odkazy ; pozn.
|
| 650 |
0 |
7 |
|a výchova
|2 SNKPH
|9 957
|
| 650 |
0 |
7 |
|a rodina
|2 SNKPH
|9 4138
|
| 650 |
0 |
7 |
|a rodinná výchova
|2 SNKPH
|9 66934
|
| 773 |
0 |
|
|t Sociálne ohrozenia detí a mládeže v XXI. storočí a možnosti ich prevencie : zborník medzinárodných vedeckých štúdií
|d Banská Bystrica : Belianum, 2014
|g S.50-61
|z 9788055708072
|
| 852 |
|
|
|a SVKBB
|b KIS3GCP
|
| 958 |
|
|
|a NB
|
| 999 |
|
|
|c 1347653
|d 1349583
|